| 000 | 00411nam a2200157Ia 4500 | ||
|---|---|---|---|
| 008 | 151021s9999 xx 000 0 und d | ||
| 020 | _a9966463518 | ||
| 050 | _aHA29.O97 2005 | ||
| 245 | _a_A textbook of Basic Statistics | ||
| 260 | _aNairobi EAEP 2005 | ||
| 300 | _axii,305p;ill. | ||
| 500 | _aIncludes index | ||
| 650 | _a_Statistics | ||
| 700 | _a_A M Plews | ||
| 980 | _a^d20110217 09:24:05^okorir | ||
| 999 |
_c6671 _d6671 |
||